| 000 | 00928nam a22002415a 4500 | ||
|---|---|---|---|
| 003 | OSt | ||
| 005 | 20170309132904.0 | ||
| 008 | 170307s2015 ua frb 000 0 ara d | ||
| 015 | _a2015 / 26478 | ||
| 020 | _a9789770479735 | ||
| 040 |
_aEG-ScBUE _bara _cEG-ScBUE |
||
| 043 | _af-ua--- | ||
| 082 | 0 | 4 |
_a346.620664 _bع ل م _222 |
| 100 | 1 | _aعلم الدين، سلامة عبد الصانع أمين. | |
| 245 | 1 | 0 |
_aمسئولية مجلس إدارة شركة المساهمة ولجانه عن حوكمة الشركة / _cسلامة عبد الصانع أمين علم الدين. |
| 260 |
_aالقاهرة : _bدار النهضة العربية، _c2015. |
||
| 300 |
_a237 ص. ؛ _c24 سم. |
||
| 504 | _aيشتمل على إرجاعات ببليوجرافية. | ||
| 650 | 7 |
_aحوكمة الشركات _xقوانين وتشريعات _zمصر. _2BUEsh |
|
| 651 | _2BUEsh | ||
| 653 |
_bLLAAWW _cMarch2017 |
||
| 942 | _2ddc | ||
| 999 |
_c24359 _d24331 |
||